Normal view
MARC view
- Terrorism
Entry Topical Term
001 - CONTROL NUMBER
- control field: 12332
003 - CONTROL NUMBER IDENTIFIER
- control field: NUST
005 - DATE AND TIME OF LATEST TRANSACTION
- control field: 20181003050617.0
008 - FIXED-LENGTH DATA ELEMENTS
- fixed length control field: 181003|| aca||aabn | a|a d
040 ## - CATALOGING SOURCE
- Original cataloging agency: NUST
- Transcribing agency: NUST
150 ## - HEADING--TOPICAL TERM
- Topical term or geographic name entry element: Terrorism
- Geographic subdivision: India
- Geographic subdivision: Mumbai.
670 ## - SOURCE DATA FOUND
- Source citation: Work cat.: (NUST)0: Davidsson, Elias, 1941- author. 12330, The betrayal of India :
